000 00662nam a2200229 a 4500
999 _c1173
_d1173
008 191205s2010 ii a|||g |||| 001 0 eng d
020 _a9788120336438
_cRs. 225.00
040 _aKO
_beng
041 0 _aeng
044 _aii
082 0 4 _223
_a621.46
_bD459
100 1 _aDeshpande, M. V.
245 1 0 _aElectric Motors :
_bApplications and Control /
_cM. V. Deshpande
260 _aNew Delhi :
_bPHI Learning Private Limited,
_c2010
300 _axiii, 213 p. :
_bill. ;
_c24 cm.
504 _aIncludes index.
650 0 _aElectric machinery
_xElectric motors
650 0 _aElectric motors--Starting devices
904 _aS_JOY
942 _cBK